Champions & Badges Pokémon #01 - Kanto - Statistiques

Statistiques générales
  • Ce quiz a été pris 58 fois
    18 depuis la dernière actualisation
  • Le résultat moyen est 31 sur 40
Statistiques - réponses
Ville Type de l'arène % Correct
Eau
100%
Ondine
100%
Onix
100%
Pierre
100%
Roche
100%
Roche
100%
Staross
100%
Argenta
93%
Plante
93%
Poison
93%
Psy
93%
Smogogo
93%
Alakazam
86%
Erika
86%
Feu
86%
Koga
86%
Rafflesia
86%
Raichu
86%
Arcanin
79%
Auguste
79%
Azuria
79%
Carmin sur Mer
79%
Électrik
79%
Foudre
79%
Major Bob
79%
Morgane
79%
Safrania
79%
Giovanni
71%
Parmanie
71%
Sol
71%
Cascade
64%
Céladopole
64%
Jadielle
64%
Âme
57%
Cramois'Île
57%
Prisme
50%
Rhinoféros
50%
Marais
43%
Terre
43%
Volcan
43%
Aucun quiz correspondant
Distribution des résultats
% des personnes avec chaque résultat
Percentile par nombre de réponses
Votre historique - résultats
Vous n’avez pas pris ce quiz depuis la dernière actualisation